| 000 | 00450nam a2200181Ia 4500 | ||
|---|---|---|---|
| 005 | 20250423101332.0 | ||
| 008 | 250422s9999 xx 000 0 und d | ||
| 020 | _a0060149639 | ||
| 050 | _aHD 30.23 .H45/ | ||
| 100 | _aHeirs, Ben J. | ||
| 245 | 4 | _aThe mind of the organization | |
| 260 | _aNew York | ||
| 260 | _bHarper & Row Publishers | ||
| 260 | _c1982 | ||
| 300 | _a140 p | ||
| 650 | _aDecision making. Business planning. | ||
| 942 | _cBK | ||
| 999 |
_c36007 _d36007 |
||